[Event "ESP-ch U12 rapid"]
[Site "Salobrena"]
[Date "2023.07.16"]
[Round "5"]
[White "Ibanez Koblash, Daniel"]
[Black "Gonzalez Chapado, Dario"]
[Result "0-1"]
[WhiteElo "1519"]
[BlackElo "1526"]
[PlyCount "132"]
[EventDate "2023.07.15"]
[EventType "swiss (rapid)"]
[EventRounds "9"]
[EventCountry "ESP"]
[SourceTitle "EXT 2024"]
[Source "ChessBase"]
[SourceDate "2023.10.10"]
[SourceVersion "1"]
[SourceVersionDate "2023.10.10"]
[SourceQuality "1"]

1. d4 d5 2. Nf3 Nf6 3. c4 c6 4. Nc3 Qb6 5. cxd5 cxd5 6. g3 Nc6 7. Bg2 Bf5 8. 0-0 e6 9. b3 Be7 10. Bf4 0-0 11. Rc1 Rac8 12. Na4 Qa5 13. e3 Ba3 14. Rc3 b5 15. Rc5 Bxc5 16. Nxc5 Ne4 17. Nxe4 Bxe4 18. Qe2 Nb4 19. Bd6 Rfd8 20. Bc5 Nd3 21. b4 Qa3 22. Qd2 Nxc5 23. bxc5 Qd3 24. Qa5 Bxf3 25. Bxf3 Rd7 26. Rd1 Qc4 27. Rd2 h6 28. Be2 Qa4 29. Qxa4 bxa4 30. Bb5 Rb7 31. Bxa4 Kf8 32. Kg2 Ke7 33. Bd1 Rb1 34. Be2 Rcb8 35. a4 R1b2 36. Rxb2 Rxb2 37. Bb5 Rb4 38. f4 f6 39. Kf3 g5 40. Bc6 Kd8 41. a5 Kc7 42. Be8 a6 43. h4 gxh4 44. gxh4 f5 45. Ke2 Rb2+ 46. Kd3 Ra2 47. Bf7 Kd7 48. c6+ Kxc6 49. Bxe6 Rxa5 50. Bxf5 Ra3+ 51. Kd2 Kd6 52. h5 a5 53. Bg6 a4 54. f5 Ke7 55. Bh7 Ra1 56. Bg8 Rh1 57. Bxd5 Rxh5 58. e4 a3 59. Ke3 Rh2 60. Kf4 a2 61. Bxa2 Rxa2 62. e5 Ra4 63. Ke4 h5 64. Kd5 h4 65. f6+ Kf7 66. Kd6 Rxd4+ 0-1

[Event "ESP-ch U12 rapid"]
[Site "Salobrena"]
[Date "2023.07.15"]
[Round "2"]
[White "Ibanez Koblash, Daniel"]
[Black "Ania Chueca, Mario"]
[Result "1-0"]
[WhiteElo "1519"]
[BlackElo "1268"]
[PlyCount "47"]
[EventDate "2023.07.15"]
[EventType "swiss (rapid)"]
[EventRounds "9"]
[EventCountry "ESP"]
[SourceTitle "EXT 2024"]
[Source "ChessBase"]
[SourceDate "2023.10.10"]
[SourceVersion "1"]
[SourceVersionDate "2023.10.10"]
[SourceQuality "1"]

1. d4 d5 2. Nf3 Nf6 3. c4 e6 4. g3 c5 5. cxd5 exd5 6. Bg2 Be6 7. 0-0 Be7 8. dxc5 Bxc5 9. Nc3 0-0 10. Bg5 d4 11. Ne4 Bb6 12. Nxf6+ gxf6 13. Bh6 Re8 14. Qd3 Nc6 15. Rfd1 Rc8 16. a3 Qd7 17. e3 Bf5 18. Qb5 d3 19. Nh4 Re5 20. Qa4 Rd8 21. Qf4 Bc7 22. e4 Bg4 23. Qxf6 Rg5 24. Qxg5+ 1-0

[Event "ESP-ch U12 rapid"]
[Site "Salobrena"]
[Date "2023.07.15"]
[Round "4"]
[White "Lopez Martinez, Jaime"]
[Black "Ibanez Koblash, Daniel"]
[Result "1/2-1/2"]
[WhiteElo "1704"]
[BlackElo "1519"]
[PlyCount "64"]
[EventDate "2023.07.15"]
[EventType "swiss (rapid)"]
[EventRounds "9"]
[EventCountry "ESP"]
[SourceTitle "EXT 2024"]
[Source "ChessBase"]
[SourceDate "2023.10.10"]
[SourceVersion "1"]
[SourceVersionDate "2023.10.10"]
[SourceQuality "1"]

1. e4 e5 2. Nf3 Nc6 3. Bb5 a6 4. Ba4 d6 5. d4 b5 6. Bb3 Nxd4 7. Nxd4 exd4 8. 0-0 Nf6 9. Re1 Be7 10. a4 Bb7 11. c3 d3 12. Qxd3 0-0 13. Nd2 Qd7 14. Nf3 c5 15. Bc2 d5 16. exd5 Bxd5 17. Bg5 c4 18. Qe3 Rfe8 19. Ne5 Qc7 20. Qh3 h5 21. Rad1 Be6 22. Qg3 Nh7 23. Bf4 Qc8 24. h4 Nf6 25. Bg5 Ng4 26. Nxg4 Bxg5 27. hxg5 Bxg4 28. f3 Rxe1+ 29. Qxe1 Bf5 30. Bxf5 Qxf5 31. axb5 axb5 32. Qe3 Rc8 1/2-1/2

[Event "ESP-ch U12 Rapid"]
[Site "Salobrena"]
[Date "2022.07.16"]
[Round "2"]
[White "Ibanez Koblash, Daniel"]
[Black "Mompel Ferruz, Xavier"]
[Result "1/2-1/2"]
[WhiteElo "1326"]
[BlackElo "1849"]
[PlyCount "121"]
[EventDate "2022.07.09"]
[EventType "swiss (rapid)"]
[EventRounds "9"]
[EventCountry "ESP"]
[SourceTitle "EXT 2023"]
[Source "ChessBase"]
[SourceDate "2022.10.05"]
[SourceVersion "1"]
[SourceVersionDate "2022.10.05"]
[SourceQuality "1"]

1. d4 d5 2. Nf3 Nf6 3. c4 e6 4. g3 c6 5. Bg2 Nbd7 6. 0-0 Bd6 7. Nc3 0-0 8. Nd2 Re8 9. e4 dxe4 10. Ndxe4 Nxe4 11. Nxe4 Be7 12. Bf4 Nf6 13. Nxf6+ Bxf6 14. Be5 Bd7 15. Qc2 Qe7 16. Rfd1 Rad8 17. c5 Bc8 18. b4 Rd7 19. Bd6 Rxd6 20. cxd6 Qxd6 21. Qc4 Rd8 22. Rd2 e5 23. d5 Be7 24. a3 b5 25. Qb3 c5 26. bxc5 Qxc5 27. Qc2 Qxc2 28. Rxc2 Bd6 29. Rac1 Bf5 30. Rc3 Kf8 31. Rb3 Rb8 32. Rc6 Ke7 33. Bf1 Be4 34. Rxb5 Rxb5 35. Bxb5 Bxd5 36. Ra6 Bc5 37. Bc6 Bxc6 38. Rxc6 Bxa3 39. Rc7+ Ke6 40. Rxa7 Bc5 41. Ra6+ Kd5 42. Kg2 Bd4 43. f3 f5 44. Kf1 e4 45. fxe4+ Kxe4 46. Re6+ Kd5 47. Re7 Kd6 48. Re2 Bf6 49. Kg2 Be5 50. Kf3 Ke6 51. Ra2 Kf6 52. Ra6+ Kf7 53. Ra5 Ke6 54. Ra6+ Bd6 55. g4 fxg4+ 56. Kxg4 Ke5 57. Ra7 Kf6 58. h3 Be5 59. Ra6+ Ke7 60. Kf5 Bf6 61. Ke4 1/2-1/2

[Event "ESP-ch U12"]
[Site "Salobrena"]
[Date "2022.07.14"]
[Round "6"]
[White "Herraiz Ciudad, Miguel"]
[Black "Ibanez Koblash, Daniel"]
[Result "0-1"]
[WhiteElo "1536"]
[BlackElo "1666"]
[PlyCount "74"]
[EventDate "2022.07.04"]
[EventType "swiss"]
[EventRounds "9"]
[EventCountry "ESP"]
[SourceTitle "EXT 2023"]
[Source "ChessBase"]
[SourceDate "2022.10.05"]
[SourceVersion "1"]
[SourceVersionDate "2022.10.05"]
[SourceQuality "1"]

1. e4 e5 2. Nf3 Nc6 3. Bc4 Bc5 4. c3 Nf6 5. d4 exd4 6. e5 d5 7. Bb5 Ne4 8. cxd4 Bb6 9. Nc3 0-0 10. Be3 Bg4 11. h3 Bh5 12. 0-0 Ne7 13. Be2 c6 14. Rc1 h6 15. Nd2 Bxe2 16. Qxe2 Nxd2 17. Qxd2 f6 18. f4 Nf5 19. g4 Nxe3 20. Qxe3 fxe5 21. fxe5 Qg5 22. Qxg5 Bxd4+ 23. Kg2 hxg5 24. e6 Rae8 25. Rf5 Rxe6 26. Rxg5 Rf2+ 27. Kg3 Re3+ 28. Kxf2 Rxc3+ 29. Kg2 Rxc1 30. Rf5 Rc2+ 31. Kg3 Rxb2 32. Kh4 Rf2 33. Rh5 g6 34. Rh6 Kg7 35. g5 Rg2 36. Rh7+ Kxh7 37. a4 Bf2# 0-1

[Event "ESP-ch U12"]
[Site "Salobrena"]
[Date "2022.07.13"]
[Round "5"]
[White "Ibanez Koblash, Daniel"]
[Black "Pallares Jover, Adrian"]
[Result "1-0"]
[WhiteElo "1666"]
[BlackElo "1362"]
[PlyCount "41"]
[EventDate "2022.07.04"]
[EventType "swiss"]
[EventRounds "9"]
[EventCountry "ESP"]
[SourceTitle "EXT 2023"]
[Source "ChessBase"]
[SourceDate "2022.10.05"]
[SourceVersion "1"]
[SourceVersionDate "2022.10.05"]
[SourceQuality "1"]

1. d4 e6 2. Nf3 Nf6 3. c4 c5 4. g3 d6 5. Bg2 g6 6. 0-0 Bg7 7. dxc5 dxc5 8. Qxd8+ Kxd8 9. Nc3 Nc6 10. Bf4 Re8 11. Rfd1+ Bd7 12. Ng5 e5 13. Bxc6 exf4 14. Bxd7 Nxd7 15. Nxf7+ Kc7 16. Nb5+ Kb8 17. Rxd7 Bf8 18. Nfd6 Bxd6 19. Nxd6 Re7 20. Rxe7 fxg3 21. Rxb7# 1-0

[Event "ESP-ch U10"]
[Site "Salobrena"]
[Date "2021.07.03"]
[Round "9"]
[White "Garcia Olivar, Laura"]
[Black "Ibanez Koblash, Daniel"]
[Result "1-0"]
[WhiteElo "1099"]
[BlackElo "1321"]
[PlyCount "69"]
[EventDate "2021.06.28"]
[EventType "swiss"]
[EventRounds "9"]
[EventCountry "ESP"]
[SourceTitle "EXT 2022"]
[Source "ChessBase"]
[SourceDate "2021.10.06"]
[SourceVersion "1"]
[SourceVersionDate "2021.10.06"]
[SourceQuality "1"]

1. c4 f5 2. Nc3 Nf6 3. g3 g6 4. Nf3 Bg7 5. Bg2 0-0 6. 0-0 d6 7. d3 Nc6 8. Bd2 Nh5 9. Ng5 Qe8 10. Nb5 Rb8 11. Bd5+ e6 12. Nxc7 Qe7 13. Ncxe6 Bxe6 14. Nxe6 Rfc8 15. Ng5+ Kh8 16. Nf7+ Kg8 17. Nxd6+ Kf8 18. Nxc8 Rxc8 19. a3 Bxb2 20. Bxc6 bxc6 21. Bb4 c5 22. Rb1 Be5 23. Bd2 Kf7 24. Qc1 Rg8 25. Bg5 Qd6 26. Rb7+ Kf8 27. Be7+ Qxe7 28. Rxe7 Kxe7 29. Qe3 Kd6 30. Rb1 f4 31. Qe4 Nf6 32. Qb7 Ke6 33. Qc6+ Bd6 34. gxf4 g5 35. f5+ 1-0